000 00385pam a2200157a 44500
008 230515b2000 xxu||||| |||| 00| 0 eng d
020 _aNULL
041 _aENG
082 _aNULL
100 _aSTEIN B & REYNOLDS J S
245 _aMECHANICAL AND ELECTRICAL EQUIPMENT FOR BUILDINGS
250 _a9
260 _aNULL
_bJOHN WILEE AND SONS
_c2000
300 _a1790
650 _aNULL
999 _c477203
_d477203